[Event "24th ch-EUR Indiv w 2024"]
[Site "Rhodes GRE"]
[Date "2024.04.19"]
[Round "1.1"]
[White "Eric, Jovana"]
[Black "Osmak, Yuliia"]
[Result "0-1"]
[WhiteTitle "WGM"]
[BlackTitle "IM"]
[WhiteElo "2162"]
[BlackElo "2459"]
[WhiteFideId "938238"]
[BlackFideId "14101602"]
[EventDate "2024.04.19"]

1. e4 e5 2. Nf3 Nc6 3. Bc4 Bc5 4. c3 Nf6 5. d3 d6 6. a4 a6 7. O-O h6 8. b4 Ba7
9. Re1 O-O 10. h3 Ne7 11. Nbd2 Ng6 12. Nf1 c6 13. Ng3 d5 14. Bb3 Re8 15. Be3
Bxe3 16. Rxe3 Be6 17. Qc2 Qc7 18. Rae1 a5 19. d4 dxe4 20. Nxe5 Nxe5 21. dxe5
Bxb3 22. Qxb3 Rxe5 23. Nxe4 Nd5 24. R3e2 Rae8 25. bxa5 Qxa5 26. Qxb7 Nf4 27. Re3
Qd5 28. Qb1 f5 29. Rd1 Qe6 30. Ng3 Rxe3 31. fxe3 Qxe3+ 32. Kh2 Qf2 33. Rg1 Re3
34. Qxf5 Rxg3 35. Qc8+ Kh7 36. Qf5+ Rg6 37. a5 Qg3+ 38. Kh1 Nd3 0-1

[Event "24th ch-EUR Indiv w 2024"]
[Site "Rhodes GRE"]
[Date "2024.04.19"]
[Round "1.2"]
[White "Efroimski, Marsel"]
[Black "Skuhala, Barbara"]
[Result "1-0"]
[WhiteTitle "IM"]
[BlackTitle "WFM"]
[WhiteElo "2457"]
[BlackElo "2162"]
[WhiteFideId "2810964"]
[BlackFideId "14605465"]
[EventDate "2024.04.19"]

1. Nf3 Nf6 2. g3 d5 3. Bg2 e6 4. d3 c6 5. Nbd2 Qc7 6. e4 Be7 7. O-O b6 8. Re1
O-O 9. e5 Nfd7 10. Nf1 c5 11. Bf4 Bb7 12. h4 Re8 13. h5 Nc6 14. h6 g6 15. N1h2
Rac8 16. Ng4 b5 17. c3 c4 18. d4 b4 19. Qd2 a5 20. Bg5 Qd8 21. Bxe7 Qxe7 22. Ng5
Qf8 23. f4 Rb8 24. Kf2 Ba6 25. Ne3 Ne7 26. b3 Rec8 27. Rec1 bxc3 28. Rxc3 Nb6
29. Bf1 Nf5 30. Nxf5 exf5 31. Qe3 Qe7 32. Rac1 Rc7 33. Be2 Rbc8 34. g4 f6 35.
exf6 Qxf6 36. Qe6+ Qxe6 37. Nxe6 Re7 38. gxf5 gxf5 39. Nc5 Bb5 40. a4 Bc6 41.
bxc4 dxc4 42. Bxc4+ Nxc4 43. Rxc4 Rce8 44. Nd3 Re2+ 45. Kf1 Bg2+ 46. Kg1 Bb7 47.
Rc7 Rg2+ 48. Kf1 Bd5 49. Rc8 Kf8 50. Ne5 Rh2 51. Rxe8+ Kxe8 52. Rc8+ Ke7 53.
Rc7+ Kf6 54. Nd7+ Kg6 55. Nf8+ Kh5 56. Nxh7 Bf3 57. Nf6+ Kg6 58. Ng8 1-0

[Event "24th ch-EUR Indiv w 2024"]
[Site "Rhodes GRE"]
[Date "2024.04.19"]
[Round "1.3"]
[White "Ivan-Gal, Hanna Krisztina"]
[Black "Khotenashvili, Bella"]
[Result "1/2-1/2"]
[WhiteTitle "WFM"]
[BlackTitle "GM"]
[WhiteElo "2161"]
[BlackElo "2454"]
[WhiteFideId "711861"]
[BlackFideId "13602640"]
[EventDate "2024.04.19"]

1. e4 c6 2. d4 d5 3. Nc3 g6 4. e5 Nh6 5. h3 f6 6. Nf3 Bg7 7. Bf4 O-O 8. Be2 Na6
9. O-O Nc7 10. Qd2 Nf7 11. Rad1 Ne6 12. Bg3 Bh6 13. Qe1 Nf4 14. Bd3 fxe5 15.
dxe5 Qb6 16. b3 Nd8 17. Nh2 Nde6 18. Ne2 a5 19. Ng4 Bg7 20. Nxf4 Nxf4 21. Bxf4
Rxf4 22. Qd2 Bxg4 23. Qxf4 Bxd1 24. Rxd1 Rf8 25. Qg3 Qd4 26. Re1 Bh6 27. e6 Bf4
28. Qg4 Rf6 29. g3 h5 30. Qh4 Qb4 31. Re2 Bd6 32. Qg5 Kg7 33. a4 Qd4 34. Kg2 Bc5
35. Qd2 Qb2 36. Qxa5 b6 37. Qd2 Bd6 38. a5 bxa5 39. Qxa5 h4 40. Qe1 Qd4 41. Qd2
hxg3 42. fxg3 Bc5 43. Qe1 Rf8 44. h4 Rf6 45. Re5 1/2-1/2

[Event "24th ch-EUR Indiv w 2024"]
[Site "Rhodes GRE"]
[Date "2024.04.19"]
[Round "1.4"]
[White "Wagner, Dinara"]
[Black "Peglau, Charis"]
[Result "1-0"]
[WhiteTitle "IM"]
[BlackTitle "WFM"]
[WhiteElo "2453"]
[BlackElo "2161"]
[WhiteFideId "24157570"]
[BlackFideId "16219996"]
[EventDate "2024.04.19"]

1. Nf3 d5 2. g3 Nf6 3. Bg2 g6 4. d4 Bg7 5. c4 c6 6. Qb3 O-O 7. Nc3 dxc4 8. Qxc4
Nbd7 9. O-O Nb6 10. Qb3 Bg4 11. a4 Bxf3 12. Bxf3 Qxd4 13. a5 Qc4 14. Ra3 Qxb3
15. Rxb3 Nbd5 16. Rxb7 Rfb8 17. Nxd5 Nxd5 18. Bxd5 Rxb7 19. Bxc6 Rab8 20. Bxb7
Rxb7 21. Be3 Rxb2 22. Rc1 f5 23. Bxa7 Ra2 24. Bb6 Kf7 25. Rc8 Ke6 26. Ra8 Rb2
27. Be3 Rb4 28. a6 Bd4 29. Bxd4 Rxd4 30. Kg2 Ra4 31. h3 Ra3 32. e3 Ra4 33. Kf3
Ra2 34. g4 fxg4+ 35. hxg4 h5 36. gxh5 gxh5 37. a7 Kd7 38. Kg3 Ra4 39. f4 Ra3 40.
Kh4 Ra5 41. f5 Kc6 42. Rc8+ Kb7 43. a8=Q+ 1-0

[Event "24th ch-EUR Indiv w 2024"]
[Site "Rhodes GRE"]
[Date "2024.04.19"]
[Round "1.5"]
[White "Allahverdiyeva, Ayan"]
[Black "Stefanova, Antoaneta"]
[Result "0-1"]
[WhiteTitle "WIM"]
[BlackTitle "GM"]
[WhiteElo "2152"]
[BlackElo "2447"]
[WhiteFideId "13412590"]
[BlackFideId "2902257"]
[EventDate "2024.04.19"]

1. e4 e5 2. Nf3 Nc6 3. Bb5 a6 4. Ba4 d6 5. c3 Bd7 6. d4 g6 7. O-O Bg7 8. h3 Nf6
9. Re1 b5 10. Bc2 O-O 11. Nbd2 Re8 12. Nf1 a5 13. dxe5 dxe5 14. a4 b4 15. Ne3 h6
16. Nd5 Nxd5 17. exd5 Na7 18. cxb4 axb4 19. Bd2 c5 20. Qc1 Kh7 21. Re4 f5 22.
Rh4 f4 23. g3 Bf6 24. Qb1 Rg8 25. Rh5 Qe8 26. gxf4 e4 27. Re5 Bxe5 28. Nxe5 Bxh3
29. Bxe4 Bf5 30. Kh2 Qf8 31. Be3 Qf6 32. Kg3 Rae8 33. f3 Qd6 34. Kf2 Rgf8 35.
Ke2 Nc8 36. Qg1 Qa6+ 37. Ke1 c4 38. Bc5 Rf6 39. Qd4 Bxe4 40. fxe4 Rxf4 41. Qe3
Qf6 42. Nd7 Qh4+ 43. Kd2 Rfxe4 44. Rf1 Rxe3 45. Bxe3 0-1

[Event "24th ch-EUR Indiv w 2024"]
[Site "Rhodes GRE"]
[Date "2024.04.19"]
[Round "1.6"]
[White "Javakhishvili, Lela"]
[Black "Rodriguez Redondo, Adhara"]
[Result "1-0"]
[WhiteTitle "IM"]
[BlackTitle "WFM"]
[WhiteElo "2447"]
[BlackElo "2152"]
[WhiteFideId "13601458"]
[BlackFideId "32065698"]
[EventDate "2024.04.19"]

1. c4 e6 2. Nc3 d5 3. d4 Nf6 4. cxd5 exd5 5. Bg5 c6 6. e3 Be7 7. Bd3 h6 8. Bh4
O-O 9. Qc2 Re8 10. Nf3 Ne4 11. Bxe7 Qxe7 12. O-O Bf5 13. Ne2 Nd7 14. b4 a6 15.
Rab1 g6 16. a4 Rac8 17. Nf4 b5 18. a5 Qf6 19. Rfe1 g5 20. Ne2 Bg6 21. Rf1 h5 22.
Nd2 Qe6 23. Nb3 f5 24. Rbe1 Nd6 25. h4 gxh4 26. Nf4 Qf6 27. f3 Qg5 28. Nc5 Nf8
29. Nxa6 Ne6 30. Nh3 Qf6 31. Nc5 Nxc5 32. Qxc5 Kh8 33. a6 Rg8 34. Re2 Bf7 35. e4
fxe4 36. fxe4 Qg7 37. Qxd6 Qxd4+ 38. Kh1 Rg6 39. Qe7 Qxd3 40. Rxf7 Qd1+ 41. Ng1 1-0

[Event "24th ch-EUR Indiv w 2024"]
[Site "Rhodes GRE"]
[Date "2024.04.19"]
[Round "1.7"]
[White "Manakova, Maria"]
[Black "Batsiashvili, Nino"]
[Result "1-0"]
[WhiteTitle "WGM"]
[BlackTitle "GM"]
[WhiteElo "2148"]
[BlackElo "2445"]
[WhiteFideId "927007"]
[BlackFideId "13602993"]
[EventDate "2024.04.19"]

1. e4 e5 2. Nf3 Nc6 3. Bc4 Nf6 4. d3 Bc5 5. O-O d6 6. c3 a6 7. Bb3 Ba7 8. Re1 h6
9. Be3 Bxe3 10. Rxe3 g5 11. d4 Qe7 12. Nbd2 Bd7 13. d5 Nb8 14. c4 O-O 15. h3 g4
16. Nh4 h5 17. Nf5 Bxf5 18. exf5 Nbd7 19. Nf1 Kg7 20. Rc1 Rh8 21. Rcc3 Rag8 22.
h4 Nh7 23. Ba4 Nc5 24. f6+ Qxf6 25. Ng3 Kf8 26. Bc2 Qxh4 27. b4 Nd7 28. c5 Qd8
29. c6 bxc6 30. dxc6 Nb6 31. Bxh7 Rxh7 32. Qd3 Kg7 33. Ra3 Kh8 34. Rxa6 h4 35.
Nf5 Rh5 36. Rxb6 cxb6 37. Nxd6 Qe7 38. Qd5 Kg7 39. Rd3 h3 40. Qc4 h2+ 41. Kh1 e4
42. Rd5 Rd8 43. Qd4+ Kg6 44. Nf5 Rxf5 45. Rxd8 Rb5 46. Rg8+ Kf5 47. Qd7+ 1-0

[Event "24th ch-EUR Indiv w 2024"]
[Site "Rhodes GRE"]
[Date "2024.04.19"]
[Round "1.8"]
[White "Mammadzada, Gunay"]
[Black "Kalaiyalahan, Akshaya"]
[Result "1-0"]
[WhiteTitle "IM"]
[BlackTitle "FM"]
[WhiteElo "2436"]
[BlackElo "2148"]
[WhiteFideId "13403729"]
[BlackFideId "422894"]
[EventDate "2024.04.19"]

1. e4 c5 2. Nf3 Nc6 3. d4 cxd4 4. Nxd4 g6 5. c4 Nf6 6. Nc3 d6 7. Be2 Nxd4 8.
Qxd4 Bg7 9. Be3 O-O 10. Qd3 a5 11. Na4 Nd7 12. Rd1 Qc7 13. Qa3 Nc5 14. Nxc5 dxc5
15. Qxc5 Qxc5 16. Bxc5 Bxb2 17. Bxe7 Re8 18. Bc5 Bc3+ 19. Kf1 Be6 20. Rc1 Rec8
21. Rxc3 Rxc5 22. f3 b5 23. Kf2 bxc4 24. Rb1 Rac8 25. Ke3 Kf8 26. h4 h5 27. g3
Rd8 28. Rbc1 Rdc8 29. Kd4 R5c7 30. Bxc4 Bxc4 31. Rxc4 Rd8+ 32. Ke3 Rcd7 33. R1c3
Rb7 34. Rc8 Rxc8 35. Rxc8+ Ke7 36. Rc5 Ra7 37. a4 Kd6 38. Rb5 Kc6 39. Kf4 Kd6
40. Kg5 Ke6 41. f4 Rc7 42. f5+ gxf5 43. exf5+ Ke7 44. Kxh5 Rc8 45. Rxa5 Rg8 46.
g4 Rh8+ 47. Kg5 f6+ 48. Kf4 Rxh4 49. Ra7+ Kf8 50. a5 Rh1 51. a6 Ra1 52. Ke4 Ra5
53. Kd4 Ra4+ 54. Kd5 Rxg4 55. Rb7 1-0

[Event "24th ch-EUR Indiv w 2024"]
[Site "Rhodes GRE"]
[Date "2024.04.19"]
[Round "1.9"]
[White "Olde, Margareth"]
[Black "Socko, Monika"]
[Result "1/2-1/2"]
[WhiteTitle "WIM"]
[BlackTitle "GM"]
[WhiteElo "2146"]
[BlackElo "2428"]
[WhiteFideId "4503082"]
[BlackFideId "1106619"]
[EventDate "2024.04.19"]

1. d4 Nf6 2. c4 e6 3. Nf3 d5 4. g3 Be7 5. Bg2 O-O 6. Nc3 c5 7. cxd5 exd5 8. O-O
Nc6 9. Bf4 Be6 10. dxc5 Bxc5 11. Rc1 Rc8 12. Na4 Be7 13. Nc5 Bxc5 14. Rxc5 Qb6
15. Rc2 d4 16. Qa1 Qa6 17. Ne5 Nb4 18. Rxc8 Rxc8 19. a3 Nbd5 20. Nd3 Rc2 21. Qd1
Qc4 22. Bg5 b6 23. Re1 h6 24. Bxf6 Nxf6 25. Ne5 Qb3 26. Qxd4 Qxb2 27. Qxb2 Rxb2
28. Nc6 a5 29. e4 Ra2 30. f4 Rxa3 31. f5 Bd7 32. e5 Bxc6 33. Bxc6 Rc3 34. Bg2
Ng4 35. e6 fxe6 36. fxe6 Kf8 37. h3 Ne3 38. e7+ Ke8 39. Bf3 g6 40. Kf2 Nf5 41.
Be4 a4 42. g4 Nxe7 43. Bxg6+ Kd7 44. Bf7 Rxh3 45. g5 Rh4 46. g6 Rf4+ 47. Ke3 Rg4
48. Kd2 Rg2+ 49. Kc3 a3 50. Kb4 a2 51. Ka3 h5 52. Bxa2 Rxg6 53. Kb4 h4 54. Bb1
Rh6 55. Be4 Nc6+ 56. Kb5 Nd4+ 57. Kc4 Ne6 58. Bf5 Kd6 59. Be4 Ke5 60. Bd5+ Kf5
61. Rb1 Nf4 62. Bf3 Ng6 63. Kd4 Ne5 64. Be4+ Kf6 65. Rxb6+ Kg7 66. Rxh6 1/2-1/2

[Event "24th ch-EUR Indiv w 2024"]
[Site "Rhodes GRE"]
[Date "2024.04.19"]
[Round "1.10"]
[White "Tsolakidou, Stavroula"]
[Black "Alexieva, Silvia"]
[Result "1/2-1/2"]
[WhiteTitle "IM"]
[BlackTitle "IM"]
[WhiteElo "2424"]
[BlackElo "2144"]
[WhiteFideId "4264312"]
[BlackFideId "2902265"]
[EventDate "2024.04.19"]

1. e4 c5 2. Nf3 e6 3. d4 cxd4 4. Nxd4 Nc6 5. Nc3 Qc7 6. Be2 a6 7. Nxc6 bxc6 8.
Qd3 d5 9. Qg3 Qxg3 10. hxg3 Nf6 11. g4 Nxe4 12. Nxe4 dxe4 13. Be3 e5 14. O-O-O
Be6 15. g5 Be7 16. Rh4 Bf5 17. Bc4 a5 18. a4 Rd8 19. Rxd8+ Bxd8 20. Rh1 Be7 21.
c3 O-O 22. Kc2 Rb8 23. b4 axb4 24. a5 b3+ 25. Bxb3 Ra8 26. Ra1 Bc8 27. Bc4 Ba6
28. Bxa6 Rxa6 29. Rb1 f5 30. Rb7 Kf8 31. Bb6 Ke8 32. Rc7 g6 33. Rxc6 Bxg5 34.
Re6+ Kd7 35. Rxe5 Be7 36. Kb3 Bd6 37. Rd5 Kc6 38. Kc4 Ra8 39. Bc5 Bxc5 40. Rxc5+
Kd6 41. Kd4 Rb8 42. Rd5+ Kc6 43. Rc5+ Kd6 44. Rd5+ Kc6 45. Rc5+ 1/2-1/2

[Event "24th ch-EUR Indiv w 2024"]
[Site "Rhodes GRE"]
[Date "2024.04.19"]
[Round "1.11"]
[White "Polterauer, Chiara"]
[Black "Ushenina, Anna"]
[Result "0-1"]
[WhiteTitle "WFM"]
[BlackTitle "GM"]
[WhiteElo "2141"]
[BlackElo "2418"]
[WhiteFideId "1638165"]
[BlackFideId "14110911"]
[EventDate "2024.04.19"]

1. e4 c5 2. Nf3 Nc6 3. d4 cxd4 4. Nxd4 e5 5. Nb5 d6 6. N1c3 a6 7. Na3 Be6 8. Nc4
Rb8 9. a4 Nb4 10. Be2 Nf6 11. O-O Be7 12. Bg5 O-O 13. Bxf6 Bxf6 14. Ne3 Qc7 15.
Ncd5 Nxd5 16. exd5 Bd7 17. Bg4 Be8 18. Qf3 Bg5 19. Qf5 Bh6 20. Be2 g6 21. Qf6
Bg7 22. Qh4 f5 23. c3 e4 24. Nc2 Bf7 25. Rfd1 Qb6 26. Rab1 Qb3 27. Ne3 Qxa4 28.
Qe7 Rfd8 29. g4 f4 30. Nc4 Re8 31. Qxd6 g5 32. b3 Qb5 33. Qb4 Qxb4 34. cxb4 Rbd8
35. d6 Bc3 36. Na5 Rd7 37. Nxb7 Rxb7 38. Bxa6 Rb6 39. b5 e3 40. fxe3 fxe3 41. d7
Rd8 42. Rdc1 Bf6 43. Bc8 Rxb5 44. Kf1 Be6 45. Rc6 Kf7 46. Rd1 e2+ 0-1

[Event "24th ch-EUR Indiv w 2024"]
[Site "Rhodes GRE"]
[Date "2024.04.19"]
[Round "1.12"]
[White "Atalik, Ekaterina"]
[Black "Suleimanova, Ava"]
[Result "1-0"]
[WhiteTitle "IM"]
[BlackTitle "WGM"]
[WhiteElo "2406"]
[BlackElo "2139"]
[WhiteFideId "4130189"]
[BlackFideId "4137728"]
[EventDate "2024.04.19"]

1. c4 c5 2. Nf3 Nc6 3. g3 g6 4. Bg2 Bg7 5. O-O d6 6. Nc3 e6 7. e3 Nge7 8. d4
cxd4 9. exd4 d5 10. cxd5 Nxd5 11. Nxd5 exd5 12. Re1+ Be6 13. Ng5 O-O 14. Rxe6
fxe6 15. Nxe6 Qf6 16. Nxf8 Rxf8 17. Be3 Nxd4 18. Bxd5+ Kh8 19. Bxb7 Qb6 20. Rb1
Rd8 21. Bg2 Qa6 22. Kh1 Qxa2 23. Qd3 a5 24. h4 Qb3 25. Qe4 Nf5 26. Bf4 Qb6 27.
Kg1 Qb5 28. Bf1 Qc5 29. Rc1 Qd4 30. Qxd4 Bxd4 31. b3 Rf8 32. Rd1 Rd8 33. Kg2 h5
34. Bc4 Kh7 35. Bc7 Ra8 36. Be6 Ng7 37. Bd5 Rc8 38. Bxa5 Ba7 39. Bc4 Ne8 1-0

[Event "24th ch-EUR Indiv w 2024"]
[Site "Rhodes GRE"]
[Date "2024.04.19"]
[Round "1.13"]
[White "Dwilewicz, Katarzyna"]
[Black "Beydullayeva, Govhar"]
[Result "0-1"]
[WhiteTitle "WFM"]
[BlackTitle "WGM"]
[WhiteElo "2130"]
[BlackElo "2402"]
[WhiteFideId "1148486"]
[BlackFideId "13413015"]
[EventDate "2024.04.19"]

1. e4 c5 2. Nf3 d6 3. d4 cxd4 4. Nxd4 Nf6 5. Nc3 a6 6. Be2 e5 7. Nb3 Be7 8. Be3
Be6 9. Nd5 Nbd7 10. Qd3 Bxd5 11. exd5 Rc8 12. c4 O-O 13. O-O a5 14. a4 b6 15.
Rac1 Ne8 16. Bg4 Rb8 17. f4 exf4 18. Bxf4 Nc5 19. Nxc5 bxc5 20. b3 Bg5 21. Bxg5
Qxg5 22. Bd7 Nf6 23. Bb5 Ng4 24. Rce1 f5 25. h3 Ne5 26. Rxe5 dxe5 27. d6 Kh8 28.
Kh1 Rbd8 29. d7 e4 30. Qd5 Qe7 31. Re1 e3 32. g3 f4 33. Qf3 Qe5 34. g4 Rf6 35.
Kg2 Rd6 36. Re2 Rd2 37. h4 Qb2 38. Rxd2 exd2 39. Kh3 Qd4 40. Qe2 Qe3+ 0-1

[Event "24th ch-EUR Indiv w 2024"]
[Site "Rhodes GRE"]
[Date "2024.04.19"]
[Round "1.14"]
[White "Narva, Mai"]
[Black "Koridze, Lile"]
[Result "1-0"]
[WhiteTitle "IM"]
[BlackTitle "WFM"]
[WhiteElo "2401"]
[BlackElo "2121"]
[WhiteFideId "4500512"]
[BlackFideId "13612514"]
[EventDate "2024.04.19"]

1. e4 c5 2. Nf3 d6 3. Bb5+ Bd7 4. Bxd7+ Qxd7 5. O-O Nc6 6. c3 Nf6 7. Qe2 g6 8.
d4 cxd4 9. cxd4 Bg7 10. Nc3 O-O 11. d5 Nb4 12. Be3 Rfc8 13. Rac1 e6 14. Rfd1
exd5 15. exd5 Ng4 16. Bd4 Na6 17. Bxg7 Kxg7 18. Nd4 Nf6 19. h3 Nc5 20. b4 Na4
21. Nxa4 Qxa4 22. Qe7 Nh5 23. Qxd6 Qxa2 24. Rxc8 Rxc8 25. Qd7 Qc4 26. Ne6+ Kg8
27. Nc5 Rb8 28. d6 Qe2 29. Qg4 Qe8 30. d7 Qd8 31. Qf3 Qc7 32. Nxb7 1-0

[Event "24th ch-EUR Indiv w 2024"]
[Site "Rhodes GRE"]
[Date "2024.04.19"]
[Round "1.15"]
[White "Walter, Ema"]
[Black "Danielian, Elina"]
[Result "0-1"]
[WhiteTitle "WFM"]
[BlackTitle "GM"]
[WhiteElo "2120"]
[BlackElo "2397"]
[WhiteFideId "14960710"]
[BlackFideId "13300210"]
[EventDate "2024.04.19"]

1. e4 d6 2. d4 g6 3. Nf3 Bg7 4. Be2 Nd7 5. O-O c6 6. a4 Qc7 7. Re1 Ngf6 8. Nc3
O-O 9. h3 e5 10. dxe5 dxe5 11. Be3 b6 12. Qd3 Bb7 13. Rad1 Rad8 14. Qc4 a6 15.
Rd2 Rc8 16. Red1 b5 17. Qb3 h6 18. Qa3 Rfe8 19. Qd6 Bf8 20. Qxc7 Rxc7 21. Ne1 b4
22. Na2 c5 23. f3 c4 24. a5 Kg7 25. Kf2 Rb8 26. Kf1 Bc8 27. Ra1 Be7 28. g4 h5
29. Ng2 hxg4 30. hxg4 Nc5 31. Bf2 Be6 32. Bg3 Nfd7 33. Ne3 Bg5 34. Nd5 Rcc8 35.
Rdd1 b3 36. cxb3 Rxb3 37. Nac3 Rxb2 38. Bxc4 Rh8 39. Ne2 Rc2 40. Bd3 Nxd3 41.
Rxd3 Rh1+ 42. Ng1 Bh4 43. Bxh4 Rxh4 44. Ne3 Rb2 45. Nd1 Rb5 46. Kg2 Rh8 47. Nh3
Kf6 48. Rd6 Nc5 49. Ne3 Ke7 50. Rdd1 Rb2+ 51. Nf2 Rhb8 52. Nd5+ Bxd5 53. Rxd5
Ne6 54. Kg3 f6 55. Rh1 Ng5 56. Rc1 R8b7 57. Rc6 R2b3 58. Nd3 Rd7 59. Ne1 Nxe4+
60. Kg2 Rxd5 61. fxe4 0-1

[Event "24th ch-EUR Indiv w 2024"]
[Site "Rhodes GRE"]
[Date "2024.04.19"]
[Round "1.16"]
[White "Buksa, Nataliya"]
[Black "Abrisqueta Zudaire, Leyre"]
[Result "1-0"]
[WhiteTitle "IM"]
[BlackTitle "WFM"]
[WhiteElo "2394"]
[BlackElo "2115"]
[WhiteFideId "14123622"]
[BlackFideId "32092253"]
[EventDate "2024.04.19"]

1. e4 c5 2. Nf3 e6 3. d4 cxd4 4. Nxd4 Nf6 5. Nc3 Nc6 6. Be2 Bb4 7. O-O O-O 8.
Nxc6 bxc6 9. e5 Nd5 10. Ne4 Qc7 11. Nd6 Bxd6 12. exd6 Qb6 13. a4 a5 14. Ra3 f5
15. c4 Nf6 16. Rb3 Qd8 17. Bg5 Ba6 18. f4 Rb8 19. Rff3 Rb4 20. Rxb4 axb4 21. Qd4
Qa5 22. Rg3 Kh8 23. Bxf6 Rxf6 24. Qa7 Rf8 25. c5 b3 26. Bxa6 Qxa4 27. h3 Qxf4
28. Kh2 h5 29. Qxd7 g5 30. Qxe6 g4 31. Qe3 Qxe3 32. Rxe3 f4 33. Re7 g3+ 34. Kg1 1-0

[Event "24th ch-EUR Indiv w 2024"]
[Site "Rhodes GRE"]
[Date "2024.04.19"]
[Round "1.17"]
[White "Hajiyeva, Laman"]
[Black "Bulmaga, Irina"]
[Result "0-1"]
[WhiteTitle "WFM"]
[BlackTitle "IM"]
[WhiteElo "2114"]
[BlackElo "2394"]
[WhiteFideId "13415875"]
[BlackFideId "13903063"]
[EventDate "2024.04.19"]

1. e4 e5 2. Nf3 Nc6 3. Bb5 Nf6 4. O-O Nxe4 5. d4 Nd6 6. dxe5 Nxb5 7. a4 Nbd4 8.
Nxd4 d5 9. Nc3 Be7 10. Nf3 Be6 11. Re1 O-O 12. Ne2 Qd7 13. Bg5 Bg4 14. Bxe7 Nxe7
15. Qd3 Bxf3 16. Qxf3 Ng6 17. Nf4 Nxf4 18. Qxf4 c5 19. Re3 Rae8 20. Rd1 d4 21.
Rg3 Re6 22. Qg4 f5 23. exf6 Rfxf6 24. b3 Qe7 25. Kf1 Re4 26. Qg5 Re5 27. Qd2
Rfe6 28. Rf3 Re2 29. Qc1 Qh4 30. Qf4 Qxf4 31. Rxf4 Rxc2 32. Re1 Rxe1+ 33. Kxe1
Rc3 34. b4 b6 35. bxc5 bxc5 36. Rf5 c4 37. Rc5 d3 38. a5 Kf7 39. Rc7+ Kf6 40.
Kd2 Rc2+ 41. Kd1 Ke5 42. Rxa7 0-1

[Event "24th ch-EUR Indiv w 2024"]
[Site "Rhodes GRE"]
[Date "2024.04.19"]
[Round "1.18"]
[White "Maltsevskaya, Aleksandra"]
[Black "Harmsen, Jessica"]
[Result "1-0"]
[WhiteTitle "IM"]
[BlackTitle "WIM"]
[WhiteElo "2393"]
[BlackElo "2102"]
[WhiteFideId "24174041"]
[BlackFideId "1001612"]
[EventDate "2024.04.19"]

1. e4 e6 2. d4 d5 3. e5 c5 4. c3 Qb6 5. Nf3 Bd7 6. Be2 cxd4 7. cxd4 Bb5 8. O-O
Bxe2 9. Qxe2 Qa6 10. Qd2 Ne7 11. Nc3 Nbc6 12. Qf4 Ng6 13. Qg3 Be7 14. h4 h5 15.
Rd1 O-O-O 16. Bg5 Rd7 17. a3 Qc4 18. Rac1 Qb3 19. Bxe7 Rxe7 20. Nd2 Qb6 21. b4
Kb8 22. Nb3 Qd8 23. Na4 Rc7 24. b5 Nce7 25. Nbc5 Nf5 26. Qb3 Ngxh4 27. b6 axb6
28. Qxb6 Rxc5 29. Rxc5 Ng6 30. Rdc1 Qxb6 31. Nxb6 Rd8 32. Ra5 1-0

[Event "24th ch-EUR Indiv w 2024"]
[Site "Rhodes GRE"]
[Date "2024.04.19"]
[Round "1.19"]
[White "Isgenderova, Hayale"]
[Black "Milliet, Sophie"]
[Result "0-1"]
[WhiteTitle "WIM"]
[BlackTitle "IM"]
[WhiteElo "2102"]
[BlackElo "2392"]
[WhiteFideId "13401823"]
[BlackFideId "623725"]
[EventDate "2024.04.19"]

1. e4 c5 2. Nf3 e6 3. d3 b5 4. g3 Bb7 5. Bg2 d6 6. O-O Nf6 7. Nbd2 Be7 8. Ne1 d5
9. e5 Nfd7 10. f4 O-O 11. Nef3 Nc6 12. Re1 b4 13. Nf1 a5 14. a4 bxa3 15. bxa3
Qc7 16. g4 f6 17. Rb1 fxe5 18. fxe5 Ba6 19. Qe2 Nd4 20. Nxd4 cxd4 21. Bb2 Rac8
22. Bxd4 Qxc2 23. Qxc2 Rxc2 24. Ne3 Rcc8 25. g5 Rf4 26. Bh3 Nf8 27. Nxd5 exd5
28. Be3 Rh4 29. Bxc8 Bxc8 30. Rb8 Be6 31. Rf1 Rg4+ 32. Kf2 Bxa3 33. Bd2 a4 34.
Ra8 Bc5+ 35. Be3 Rf4+ 36. Ke2 Bxe3 0-1

[Event "24th ch-EUR Indiv w 2024"]
[Site "Rhodes GRE"]
[Date "2024.04.19"]
[Round "1.20"]
[White "Kiolbasa, Oliwia"]
[Black "Guillo Longares, Cecilia"]
[Result "1-0"]
[WhiteTitle "IM"]
[BlackTitle "WFM"]
[WhiteElo "2386"]
[BlackElo "2101"]
[WhiteFideId "1154613"]
[BlackFideId "32082681"]
[EventDate "2024.04.19"]

1. e4 c5 2. Nf3 Nc6 3. Bb5 g6 4. Nc3 Bg7 5. d3 Nd4 6. a4 e6 7. a5 a6 8. Ba4 Nb5
9. Bxb5 Bxc3+ 10. bxc3 axb5 11. Be3 d6 12. O-O Rxa5 13. Rxa5 Qxa5 14. Qb1 Bd7
15. Qb2 f6 16. Ra1 Qc7 17. d4 Ne7 18. Ra8+ Nc8 19. dxc5 O-O 20. Bh6 Re8 21. c4
e5 22. cxb5 Qxc5 23. Ra3 Qxb5 24. Rb3 Qe2 25. h3 b5 26. Rb4 Bxh3 27. Qc3 Be6 28.
Qc6 Bf7 29. c4 Qd1+ 30. Kh2 Ne7 31. Qxb5 g5 32. Qd7 Qd3 33. c5 Qc3 34. Qxd6 Nd5
35. Rb8 1-0

[Event "24th ch-EUR Indiv w 2024"]
[Site "Rhodes GRE"]
[Date "2024.04.19"]
[Round "1.21"]
[White "Orian, Noga"]
[Black "Vega Gutierrez, Sabrina"]
[Result "0-1"]
[WhiteTitle "WFM"]
[BlackTitle "IM"]
[WhiteElo "2099"]
[BlackElo "2383"]
[WhiteFideId "2836475"]
[BlackFideId "2219026"]
[EventDate "2024.04.19"]

1. d4 d5 2. c4 e6 3. Nc3 a6 4. c5 b6 5. cxb6 c5 6. dxc5 Bxc5 7. Na4 Bd6 8. Bd2
Nf6 9. Nf3 Bb7 10. e3 O-O 11. Be2 e5 12. O-O Qe7 13. b4 Nbd7 14. Rc1 Ne4 15. a3
Rfe8 16. Bc3 Nxc3 17. Rxc3 a5 18. Bb5 axb4 19. axb4 Rec8 20. Rxc8+ Rxc8 21. Qb3
d4 22. exd4 exd4 23. Re1 Qd8 24. Bc4 Bxf3 25. Bxf7+ Kf8 26. Qxf3 Ne5 27. Qf5
Nxf7 28. Nc5 Kg8 29. b7 Rb8 30. Qe4 Bxc5 31. bxc5 Ng5 32. Qc6 d3 33. Qb5 d2 34.
Rd1 Qd5 35. Qa5 Ne4 36. Qc7 Rxb7 0-1